000 00428nam a2200181Ia 4500
001 17440
005 20260306171517.0
008 260306s9999||||xx |||||||||||||| ||und||
041 _aESP
082 _a658
_bB141 V. 39
100 _aVidela, P.
_eAUT
245 0 _aMercados financieros internacionales
260 _c1997
300 _a91 páginas :
_c25 cm.
650 _aGEN
654 _aCCO
942 _cLIB
_dJUS
_fJUS
_2ddc
_n
999 _c17440
_d17440